Загрузка...

Dynamics of pond aquaculture

Библиографические подробности
Главный автор: Egna, Hillary S, Ed.; Boyd, Claude E, Ed
Формат: Printed Book
Опубликовано: CRC Press 2015
Предметы:
LEADER 00584nam a2200193 4500
020 |c Rs 4495.00 
082 |a 639.3 EGN-D 
100 |a Egna, Hillary S, Ed.; Boyd, Claude E, Ed. 
245 |a Dynamics of pond aquaculture 
250
260 |a CRC Press  |c 2015 
300 |a HB+437 
490
500
590 |a A&A Book House  |b AABH-4 dtd 07/05/2015  |c Rs 4495.00 
650 |a Fish culture-- Aquaculture of fishes 
942 |c BK 
999 |c 99190  |d 99190 
952 |0 0  |1 0  |4 0  |6 639_300000000000000_EGND  |7 0  |9 112658  |a AQU  |b AQU  |g 0.00  |l 0  |o 639.3 EGN-D  |p AQU05686  |r 2019-09-25  |w 2019-09-25  |y BK